000 00467nam a22001937a 4500
003 MPLRDC
005 20220104192139.0
008 210129b ||||| |||| 00| 0 eng d
020 _a978-986-5976-31-6
082 _a868.71 LYJ-9
100 _a李忆莙
245 _a遗梦之北
_c
250 _a初版
260 _a台湾
_b酿出版
_c2012
300 _b
490 _a酿文学" 88
650 _a马华文学--长篇小说
942 _cBK
_o868.71 LYJ-9
999 _c64581
_d64571